[Event "Vergani Le Terrazze-Elite 2019"]
[Site "Villorba"]
[Date "2019.01.05"]
[Round "7"]
[White "Solomon, Kenny"]
[Black "Rahul Srivatshav P"]
[Result "1/2-1/2"]
[WhiteElo "2413"]
[BlackElo "2370"]
[Annotator "TA"]
[PlyCount "103"]
[EventDate "2019.01.02"]
[EventType "swiss"]
[EventCountry "ITA"]
[SourceTitle "playchess.com"]
[Source "ChessBase"]
[SourceQuality "1"]

{[%evp 21,103,58,81,42,61,61,67,67,102,102,95,100,163,145,136,130,135,132,122,117,127,57,76,77,78,82,140,115,125,100,101,88,81,24,16,22,31,26,41,55,59,60,135,95,92,55,57,54,54,60,50,58,56,23,40,35,39,41,64,21,31,27,33,8,10,0,0,0,48,8,52,57,77,31,39,6,8,0,0,0,0,0,0,-57]} 1. d4 Nf6 2. Nf3 g6 3. c4 Bg7 4. Nc3 O-O 5. e4 d6 6. h3 e5 7. d5 a5 8. Be3 Na6 9. g4 {[%cal Bg2g4,Bg4g5][%mdl 32]} Bd7 {E90: King's Indian: Classical: Early deviations and 6 h3} (9... Nc5 10. Nd2 c6 11. Be2 a4 12. h4 Qa5 13. f3 a3 14. Qc2 axb2 15. Qxb2 h5 16. g5 Nfd7 17. O-O f6 18. Kg2 Qd8 19. Nb3 fxg5 20. hxg5 {½-½ (67) Nepomniachtchi,I (2757)-Grischuk,A (2766) chess.com INT 2018}) 10. Be2 c6 11. Nd2 Rc8 {LiveBook: 4 Games. White is slightly better.} 12. g5 Nh5 13. Bxh5 gxh5 14. a3 Nc7 15. Qxh5 {[#]} cxd5 $146 ({Predecessor:} 15... b5 16. cxb5 Nxb5 17. dxc6 Bxc6 {½-½ (66) Lalith,B (2518)-Amonatov,F (2615) Ahmedabad 2018}) 16. exd5 Bf5 (16... b5 $16) 17. Qf3 Qd7 18. Nde4 Ne8 19. c5 f6 20. gxf6 Bxf6 21. Nxf6+ ({White should play} 21. Rd1 $16) 21... Nxf6 22. Rg1+ Kh8 23. Bg5 Ng8 (23... dxc5 $142 24. O-O-O Rf7) 24. cxd6 $16 Qxd6 25. Qg3 Bg6 26. h4 {[#] Black must now prevent h5!} Nf6 27. Bxf6+ (27. Rd1 $16) 27... Qxf6 $11 28. h5 {[%cal Bh4h5,Bh5h6,Bh6g7][%mdl 32]} Bc2 29. Qe3 Rc4 30. Rc1 Bf5 {With the idea ...Bg4.} 31. Qg5 Qf7 (31... Bg4 $14 32. Qxf6+ Rxf6) 32. h6 Bg6 33. Qxe5+ Kg8 $1 34. Qg7+ Qxg7 35. hxg7 Re8+ 36. Kf1 b5 37. Re1 Rd8 38. Rg5 b4 39. axb4 Rxb4 40. Ra1 Rxb2 41. Rxa5 Kxg7 42. Ra7+ Kh6 43. Rg3 Rf8 44. Ne2 Be4 {[#] aiming for ...Rb1+.} 45. f4 Kh5 46. Re7 Bg6 47. d6 {Strongly threatening Rg5+.} Rd2 48. d7 {Hoping for Ke1.} Rf7 {The position is equal.} 49. Re5+ Kh6 $1 50. Ke1 Rdxd7 51. Ree3 Kg7 52. Ng1 {Accuracy: White = 50%, Black = 56%.} (52. Re5 $11) 1/2-1/2

[Event "Vergani Le Terrazze-Elite 2019"]
[Site "Villorba"]
[Date "2019.01.05"]
[Round "8"]
[White "Dreev, Aleksey"]
[Black "Shyam, Sundar M."]
[Result "1-0"]
[WhiteElo "2670"]
[BlackElo "2509"]
[Annotator "TA"]
[PlyCount "87"]
[EventDate "2019.01.02"]
[EventType "swiss"]
[EventCountry "ITA"]
[SourceTitle "playchess.com"]
[Source "ChessBase"]
[SourceQuality "1"]

{[%evp 16,87,29,31,20,0,37,18,31,27,52,41,54,0,0,-35,40,23,23,25,36,-117,-122,-145,-135,-181,-181,-181,-181,-181,-185,-183,-181,-181,-177,-182,-180,-175,-185,-192,-172,-180,-187,-177,-186,-212,-212,-185,-177,-256,-253,-241,-280,-281,0,-228,0,-279,-271,-252,-206,-218,-187,-201,-159,-356,-355,-354,-351,-335,-43,-54,1432,1379]} 1. d4 Nf6 2. Nf3 g6 3. g3 Bg7 4. Bg2 O-O 5. O-O d6 6. b3 Re8 7. Bb2 Nbd7 8. c4 c6 9. e3 {LiveBook: 4 Games. E60: King's Indian: Unusual lines and Fianchetto Variation without Nc3} (9. Nc3 e5 10. e4 exd4 11. Nxd4 Nc5 12. Re1 Ng4 13. h3 Ne5 14. Re3 Qb6 15. Nc2 a5 16. Bf1 Be6 17. Rb1 a4 18. b4 Ncd7 19. Na3 Qxb4 20. Bc1 {½-½ (41) Caruana,F (2816)-Grischuk,A (2766) Paris 2018}) 9... a6 10. Re1 $146 ({Predecessor:} 10. b4 a5 11. b5 cxb5 12. cxb5 Nb6 13. a4 Bf5 14. Nfd2 d5 15. Nc3 Rc8 16. Qb3 e5 17. dxe5 {1-0 (86) Schlosser,P (2574)-David,A (2605) Luxembourg 2011}) 10... Qc7 11. Nc3 {White is slightly better.} e5 12. Rc1 Nf8 13. h3 h5 14. Ng5 (14. e4 $14) 14... N8h7 $11 15. h4 Bg4 (15... Nxg5 $1 $15 16. hxg5 Nh7) 16. f3 Bf5 17. e4 Bd7 18. Nh3 $2 (18. Nxh7 $14 {keeps the upper hand.} Kxh7 19. Qd3) 18... exd4 $17 19. Qxd4 Qc8 $1 20. Nf4 Nxe4 $1 21. Qxg7+ Kxg7 22. Nxe4+ Kg8 23. Red1 {[#]} Rxe4 $1 24. fxe4 Qc7 25. Rd3 Bg4 26. Rc2 Rd8 27. Rcd2 Rd7 28. Ba3 g5 29. hxg5 Nxg5 30. Bxd6 Qb6+ 31. Kh2 f6 32. c5 (32. a3 $142) 32... Qb4 $19 33. Rd4 Qc3 34. R4d3 Qb4 35. Rd4 Qc3 36. R4d3 Qc1 37. Rf2 Nf7 {[%cal Bg5f7,Bf7e5,Be5d3][%mdl 32]} 38. Ng6 Qg5 39. Ne7+ Kh7 40. e5 $2 (40. Nf5 $17) 40... Nxe5 41. Rd4 Qe3 42. Rdf4 {[#] Threatening Be4+.} f5 $2 (42... Rxe7 $1 $19 {[%mdl 512]} 43. Bxe7 {[#]} Nf3+ $1 {[%mdl 512]} 44. R2xf3 Bxf3 45. Rxf3 Qxe7) 43. Nxf5 $15 Nd3 $2 {[%mdl 8192]} (43... Bxf5 $15 44. Bxe5 Qxe5 45. Rxf5 Qe3) 44. Nxe3 {Precision: White = 44%, Black = 42%.} 1-0

[Event "Vergani Le Terrazze-Elite 2019"]
[Site "Villorba"]
[Date "2019.01.05"]
[Round "8"]
[White "Jobava, Baadur"]
[Black "Gilevych, Artem"]
[Result "1-0"]
[WhiteElo "2629"]
[BlackElo "2404"]
[Annotator "TA"]
[PlyCount "135"]
[EventDate "2019.01.02"]
[EventType "swiss"]
[EventCountry "ITA"]
[SourceTitle "playchess.com"]
[Source "ChessBase"]
[SourceQuality "1"]

{[%evp 19,135,0,32,33,33,42,40,52,84,-8,0,-10,0,-3,0,0,0,-18,0,0,0,0,0,0,0,0,0,0,12,-11,0,0,18,16,52,27,24,19,17,0,50,44,65,65,63,62,62,51,88,86,80,82,112,108,108,94,94,95,89,93,88,96,89,45,45,35,42,36,54,21,16,18,18,18,48,59,50,60,65,65,78,66,153,49,49,47,48,48,45,50,60,43,51,61,164,168,136,147,734,711,1093,1103,1046,1061,1040,1007,908,895,825,605,1801,1541,5625,5401,6674,6050,6087,6079]} 1. e4 c5 2. Nf3 g6 3. d4 cxd4 4. Nxd4 Bg7 5. Nb3 Nc6 6. Be2 Nf6 7. Nc3 O-O 8. O-O d6 9. Re1 Be6 10. Bf1 Qc8 {LiveBook: 3 Games. B70: Sicilian Dragon: 6 g3 and 6 Be2 (without a later Be3)} (10... Rc8 11. Nd5 a6 12. c3 Nd7 13. Bg5 h6 14. Be3 Nce5 15. Qd2 Kh7 16. Bd4 b5 17. f4 Nc4 18. Qf2 Bxd5 19. exd5 {1-0 (41) Carlsen,M (2851)-Petrosian,T (2611) chess.com INT 2016}) 11. h3 Rd8 $146 ({Predecessor:} 11... Rb8 12. Nd5 Re8 13. c3 b5 14. Bg5 Nd7 15. Rc1 Qd8 16. c4 bxc4 17. Rxc4 Nde5 18. Ra4 {1-0 (26) Hernandez Sanchez,J (2369)-Guerrero,H (1848) Bogota 2015}) 12. Nd5 $1 Bxd5 {White is slightly better.} 13. exd5 Nb4 14. Bd2 (14. c4 $16) 14... Nbxd5 $11 {[%cal Bb4d5,Bd5b6,Bb6c4][%mdl 32]} 15. c4 Nb6 16. Rxe7 Nxc4 17. Bc3 Ne5 {With the idea ...Bf8.} 18. Na5 Rd7 (18... Ne4 {is more complex.} 19. Bxe5 Bxe5 20. Qf3 Ng5 21. Qxb7 Rb8) 19. Rxd7 Qxd7 20. Bxe5 dxe5 21. Qxd7 Nxd7 22. Rd1 Nb6 23. Nxb7 Bf8 24. b3 a5 25. Bb5 Bb4 26. Nd8 Nc8 {...Nd6 is the strong threat.} 27. Nc6 (27. a4 {keeps more tension.} Bc3 28. Rd3 Bb2 29. Nc6 Na7 30. Rd7) 27... Na7 $1 {[%cal Ra7b5]} 28. Nxb4 Nxb5 {[%mdl 4096] Endgame KRN-KRN} 29. Nc6 Nc3 30. Rd2 a4 31. b4 {[%cal Bb3b4,Bb4b5][%mdl 32]} Ra6 32. Nxe5 Re6 33. Nf3 a3 34. Rc2 Nd5 35. b5 Kg7 36. Kf1 Re4 37. Rc5 Nf4 38. g3 Ne6 39. Rc3 Rb4 40. Rxa3 Rxb5 41. Rb3 Rc5 42. Rb2 Rc3 43. Ke2 g5 44. Ne1 h5 45. Kd2 Ra3 46. Nc2 Ra6 47. a3 {[%cal Ba2a3,Ba3a4][%mdl 32]} f5 48. Rb4 Kf6 49. Rc4 Ke5 50. a4 f4 (50... Kd6 $14) 51. g4 (51. Nb4 $1 $16 Ra8 52. a5 $1 {[%mdl 512]}) 51... hxg4 $14 52. hxg4 Kd6 53. Na3 Kd5 54. Rb4 Nc5 55. Nb5 {aiming for Nc7+.} Ne4+ 56. Ke2 Rc6 (56... Ke5 $14) 57. f3 $18 Nc5 58. Nc3+ Ke5 $2 {[%mdl 8192] [#]} (58... Kd6 $16 59. Rd4+ Ke6) 59. Rc4 $1 {White is clearly winning.} Nb3 60. Rxc6 {Hoping for Kd3.} Nd4+ 61. Kd3 {White threatens Rc5+ and mate.} Nxc6 {KN-KN} 62. Ne4 Kd5 63. Nxg5 Ne5+ 64. Ke2 Kc4 65. Nh3 Ng6 66. a5 Kb5 67. Kd3 Kc5 68. Ke4 {Precision: White = 69%, Black = 35%.} 1-0

[Event "Vergani Le Terrazze-Elite 2019"]
[Site "Villorba"]
[Date "2019.01.05"]
[Round "8"]
[White "Buhmann, Rainer"]
[Black "Andriasian, Zaven"]
[Result "1/2-1/2"]
[WhiteElo "2574"]
[BlackElo "2604"]
[Annotator "TA"]
[PlyCount "40"]
[EventDate "2019.01.02"]
[EventType "swiss"]
[EventCountry "ITA"]
[SourceTitle "playchess.com"]
[Source "ChessBase"]
[SourceQuality "1"]

{[%evp 31,40,0,0,0,0,0,0,0,0,0,0]} 1. d4 d5 2. c4 c6 3. cxd5 cxd5 4. Nc3 Nf6 5. Bf4 Nc6 6. e3 Bf5 7. Nf3 e6 8. Bd3 Bxd3 9. Qxd3 Bd6 10. Bxd6 Qxd6 11. O-O O-O 12. Rfc1 Rfc8 13. h3 h6 14. Nd2 {D14: Slav Defence: Exchange variation with ...Bf5} Ne7 (14... Nd7 15. Ne2 Ne7 {½-½ (15) Bu,X (2725)-Duda,J (2724) Liaocheng 2018}) 15. Ne2 Rxc1+ 16. Rxc1 Rc8 {LiveBook: 3 Games. The position is equal.} 17. Rxc8+ Nxc8 18. Qb5 $146 ({Predecessor:} 18. Qc2 Ne7 19. Nf4 Qc6 20. Qxc6 Nxc6 21. Nd3 b6 {½-½ (30) Malakhatko,V (2488)-Gagunashvili,M (2567) Baghdad 2017}) 18... Qd7 19. Qxd7 Nxd7 20. Nc3 Nd6 1/2-1/2

[Event "Vergani Le Terrazze-Elite 2019"]
[Site "Villorba"]
[Date "2019.01.05"]
[Round "8"]
[White "Epishin, Vladimir"]
[Black "Prithu Gupta"]
[Result "1-0"]
[WhiteElo "2563"]
[BlackElo "2462"]
[Annotator "ChessBase"]
[PlyCount "94"]
[EventDate "2019.01.02"]
[EventType "swiss"]
[EventCountry "ITA"]
[SourceTitle "playchess.com"]
[Source "ChessBase"]
[SourceQuality "1"]
[TimeControl "5400+30"]

1. d4 {[%emt 0:00:00]} Nf6 {[%emt 0:00:00]} 2. Nf3 {[%emt 0:00:36]} e6 {[%emt 0:00:00]} 3. c4 {[%emt 0:00:25]} b6 {[%emt 0:00:00]} 4. Bg5 {[%emt 0:04:03]} Bb7 {[%emt 0:02:01]} 5. e3 {[%emt 0:11:42]} Be7 {[%emt 0:00:42]} 6. Bd3 {[%emt 0:00:21]} c5 {[%emt 0:05:31]} 7. O-O {[%emt 0:00:41]} cxd4 {[%emt 0:00:40]} 8. Nxd4 {[%emt 0:00:30]} d6 {[%emt 0:01:51]} 9. Nc3 {[%emt 0:01:09]} Nbd7 {[%emt 0:00:05]} 10. Rc1 {[%emt 0:00:58]} a6 {[%emt 0:00:16]} 11. b3 {[%emt 0:00:30]} O-O {[%emt 0:00:20]} 12. Qe2 {[%emt 0:00:07]} Qc7 {[%emt 0:03:52]} 13. Rfd1 {[%emt 0:00:56]} Rac8 {[%emt 0:02:58]} 14. Bh4 {[%emt 0:03:34]} Rfe8 {[%emt 0:03:06]} 15. Bg3 {[%emt 0:00:50]} Qb8 {[%emt 0:01:53]} 16. Bb1 {[%emt 0:00:26]} Qa8 {[%emt 0:07:54]} 17. Nf3 {[%emt 0:02:26]} e5 {[%emt 0:04:53]} 18. Bh4 {[%emt 0:02:29]} g6 {[%emt 0:02:29]} 19. e4 {[%emt 0:03:40]} Red8 {[%emt 0:02:45]} 20. a4 {[%emt 0:08:34]} Nc5 {[%emt 0:01:47]} 21. Bc2 {[%emt 0:01:17]} Rc7 {[%emt 0:03:17]} 22. Re1 {[%emt 0:05:41]} Ne6 {[%emt 0:05:34]} 23. Rcd1 {[%emt 0:01:28]} Qc8 {[%emt 0:06:31]} 24. Rd2 {[%emt 0:03:56]} Nf4 {[%emt 0:04:16]} 25. Qd1 {[%emt 0:00:27]} Qg4 {[%emt 0:01:29]} 26. Bg3 {[%emt 0:00:15]} N6h5 {[%emt 0:04:55]} 27. Re3 {[%emt 0:05:16]} Qc8 {[%emt 0:34:25]} 28. Bxf4 {[%emt 0:02:03]} Nxf4 {[%emt 0:00:00]} 29. g3 {[%emt 0:00:16]} Ne6 {[%emt 0:00:00]} 30. Nd5 {[%emt 0:01:37]} Bxd5 {[%emt 0:00:00]} 31. Rxd5 {[%emt 0:00:07]} Rc5 {[%emt 0:00:00]} 32. Re1 {[%emt 0:01:23]} b5 {[%emt 0:00:00]} 33. Bd3 {[%emt 0:04:07]} b4 {[%emt 0:00:00]} 34. Bf1 {[%emt 0:03:00]} Rxd5 {[%emt 0:00:00]} 35. cxd5 {[%emt 0:00:53]} Nc5 {[%emt 0:00:00]} 36. Nd2 {[%emt 0:00:06]} a5 {[%emt 0:00:00]} 37. Nc4 {[%emt 0:00:19]} Qc7 {[%emt 0:00:00]} 38. h4 {[%emt 0:00:48]} Rf8 {[%emt 0:00:00]} 39. h5 {[%emt 0:00:23]} Bg5 {[%emt 0:00:00]} 40. Bd3 {[%emt 0:02:25]} Bd8 {[%emt 0:00:13]} 41. Kg2 {[%emt 0:00:51]} Qe7 {[%emt 0:00:34]} 42. Rh1 {[%emt 0:01:31]} Bc7 {[%emt 0:00:53]} 43. Bc2 {[%emt 0:01:08]} Qf6 {[%emt 0:01:05]} 44. Qg4 {[%emt 0:01:24]} Qg7 {[%emt 0:00:25]} 45. Qh4 {[%emt 0:03:37]} Bd8 {[%emt 0:01:16]} 46. Qh3 {[%emt 0:00:30]} Bc7 {[%emt 0:01:11]} 47. Ne3 {[%emt 0:00:49]} h6 {[%emt 0:01:29]} 1-0

[Event "Vergani Le Terrazze-Elite 2019"]
[Site "Villorba"]
[Date "2019.01.05"]
[Round "8"]
[White "Bernadskiy, Vitaliy"]
[Black "Ter-Sahakyan, Samvel"]
[Result "1/2-1/2"]
[WhiteElo "2550"]
[BlackElo "2574"]
[Annotator "TA"]
[PlyCount "57"]
[EventDate "2019.01.02"]
[EventType "swiss"]
[EventCountry "ITA"]
[SourceTitle "playchess.com"]
[Source "ChessBase"]
[SourceQuality "1"]

{[%evp 29,57,0,2,12,2,4,12,13,12,10,2,0,8,-2,-2,-10,-4,-10,-8,-7,-12,-9,-9,-8,-12,-10,-8,-8,-8,-42]} 1. e4 e5 2. Nf3 Nf6 3. Nxe5 d6 4. Nf3 Nxe4 5. d4 d5 6. Bd3 Bd6 7. O-O O-O 8. c4 c6 9. Nc3 Nxc3 10. bxc3 dxc4 11. Bxc4 Bf5 12. Ng5 {C42: Petroff Defence: 3 Nxe5 and unusual White 3rd moves} h6 13. Qf3 Bg6 14. Ne4 Bxh2+ 15. Kxh2 Qh4+ {LiveBook: 3 Games. The position is equal.} 16. Qh3 Qxh3+ $1 17. gxh3 {[#] And now Nd6 would win.} Bxe4 18. Rg1 {Bxh6 is the strong threat.} Re8 19. Bxh6 g6 {[#]} 20. a4 $146 Nd7 21. Bf1 Nf6 22. Be3 Rad8 23. c4 Nh5 24. Ra3 Ng7 25. f3 Bf5 26. Rg2 Be6 {Threatening ...Nf5.} 27. Rd2 Nf5 {[#] Hoping for ...Bxc4!} 28. Bf2 Rd7 29. Ra1 {Accuracy: White = 58%, Black = 94%.} 1/2-1/2

[Event "Vergani Le Terrazze-Elite 2019"]
[Site "Villorba"]
[Date "2019.01.05"]
[Round "8"]
[White "Gazik, Viktor"]
[Black "Carnicelli, Valerio"]
[Result "1-0"]
[WhiteElo "2504"]
[BlackElo "2241"]
[Annotator "TA"]
[PlyCount "61"]
[EventDate "2019.01.02"]
[EventType "swiss"]
[EventCountry "ITA"]
[SourceTitle "playchess.com"]
[Source "ChessBase"]
[SourceQuality "1"]

{[%evp 9,61,31,34,28,40,31,43,33,50,-14,-25,-26,5,-10,24,19,96,0,3,0,27,0,128,69,62,87,139,3,14,18,22,-16,15,19,60,66,116,111,107,114,166,160,245,235,226,249,231,229,290,219,203,214,287,202]} 1. g3 Nf6 2. Bg2 g6 3. e4 e5 4. Nc3 Nc6 5. Nge2 (5. d3 Bg7 6. f4 exf4 7. Bxf4 O-O 8. Qd2 d5 9. exd5 Re8+ 10. Nge2 Nd4 11. O-O Nxe2+ 12. Nxe2 Nxd5 {0-1 (23) Finkel,A (2453)-Mindlin,A (2472) Ramat Gan 2018}) 5... Bg7 6. O-O {C26: Vienna Game: 2...Nf6, sidelines} O-O 7. f4 exf4 $146 ({Predecessor:} 7... d6 8. d3 Bd7 9. Be3 Ng4 10. Bd2 exf4 11. Bxf4 Nd4 12. h3 Nxe2+ 13. Nxe2 Ne5 14. Qd2 Nc6 15. c3 Qe7 16. Rae1 {1-0 (56) Hoerr,M (2196)-Valenta,V (2086) Olomouc 2017}) 8. gxf4 {White is slightly better.} Ne7 9. Qe1 (9. f5 $1 $14) 9... d5 10. d3 Kh8 11. Kh1 Nfg8 12. Qf2 f5 (12... Nf6 $11) 13. exd5 (13. e5 $1 $16) 13... Nf6 $11 {[%cal Bg8f6,Bf6d7,Bd7c5,Bc5e4][%mdl 32]} 14. Qc5 Nd7 15. Qc4 a6 (15... Nb6 $11 16. Qc5 Nd7) 16. Qb3 (16. Be3 $16) 16... Nc5 17. Qa3 $36 {[%mdl 2048] White is in control.} Qd6 ({Black should try} 17... Nd7) 18. d4 (18. Be3 $16 b6 19. Bd4 Bxd4 20. Nxd4) 18... Ne4 19. Qxd6 Nxd6 20. Na4 {[%cal Bc3a4,Ba4b2,Bb2d3,Bd3e5][%mdl 32]} b6 21. b3 Bd7 22. Nb2 $1 c6 23. dxc6 Bxc6 {[#]} 24. Nd3 $1 Be4 {[#]} (24... Bxg2+ $16 25. Kxg2 Rfc8) 25. Ne5 $1 $18 Rac8 (25... Bxg2+ $16 26. Kxg2 Rfc8) 26. c4 {[%cal Bc2c4,Bc4c5][%mdl 32]} b5 27. Ba3 Rcd8 28. Rac1 Bf6 29. Ng3 Bxg2+ 30. Kxg2 h5 31. c5 {Accuracy: White = 52%, Black = 18%.} 1-0

[Event "Vergani Le Terrazze-Elite 2019"]
[Site "Villorba"]
[Date "2019.01.05"]
[Round "8"]
[White "Velten, Paul"]
[Black "Sonis, Francesco"]
[Result "1/2-1/2"]
[WhiteElo "2496"]
[BlackElo "2473"]
[Annotator "ChessBase"]
[PlyCount "45"]
[EventDate "2019.01.02"]
[EventType "swiss"]
[EventCountry "ITA"]
[SourceTitle "playchess.com"]
[Source "ChessBase"]
[SourceQuality "1"]
[TimeControl "5400+30"]

1. d4 {[%emt 0:00:20]} d5 {[%emt 0:00:00]} 2. c4 {[%emt 0:00:18]} c6 {[%emt 0:00:00]} 3. e3 {[%emt 0:00:46]} Nf6 {[%emt 0:00:39]} 4. Nc3 {[%emt 0:00:38]} Be6 {[%emt 0:03:13]} 5. cxd5 {[%emt 0:03:18]} Nxd5 {[%emt 0:01:45]} 6. Nf3 {[%emt 0:01:19]} Bg4 {[%emt 0:02:32]} 7. Bd3 {[%emt 0:09:01]} g6 {[%emt 0:00:13]} 8. h3 {[%emt 0:03:28]} Bxf3 {[%emt 0:00:30]} 9. Qxf3 {[%emt 0:00:07]} Bg7 {[%emt 0:00:03]} 10. Bc4 {[%emt 0:00:31]} e6 {[%emt 0:00:55]} 11. O-O {[%emt 0:00:21]} O-O {[%emt 0:00:04]} 12. Rd1 {[%emt 0:00:10]} Nd7 {[%emt 0:02:45]} 13. e4 {[%emt 0:01:48]} N5b6 {[%emt 0:00:05]} 14. Bb3 {[%emt 0:00:26]} Qe7 {[%emt 0:01:37]} 15. Be3 {[%emt 0:03:55]} Rfd8 {[%emt 0:02:27]} 16. e5 {[%emt 0:10:18]} Nd5 {[%emt 0:00:26]} 17. Ne4 {[%emt 0:00:16]} Nxe3 {[%emt 0:00:26]} 18. fxe3 {[%emt 0:00:41]} Rf8 {[%emt 0:05:22]} 19. Rac1 {[%emt 0:13:09]} f6 {[%emt 0:05:04]} 20. Qg4 {[%emt 0:02:42]} f5 {[%emt 0:03:00]} 21. Qg5 {[%emt 0:00:19]} Rfe8 {[%emt 0:00:53]} 22. Qxe7 {[%emt 0:01:04]} Rxe7 {[%emt 0:00:02]} 23. Nc5 {[%emt 0:03:12]} 1/2-1/2

[Event "Vergani Le Terrazze-Elite 2019"]
[Site "Villorba"]
[Date "2019.01.05"]
[Round "8"]
[White "Rahul Srivatshav P"]
[Black "Blohberger, Felix"]
[Result "1/2-1/2"]
[WhiteElo "2370"]
[BlackElo "2450"]
[Annotator "ChessBase"]
[PlyCount "40"]
[EventDate "2019.01.02"]
[EventType "swiss"]
[EventCountry "ITA"]
[SourceTitle "playchess.com"]
[Source "ChessBase"]
[SourceQuality "1"]
[TimeControl "5400+30"]

1. Nf3 {[%emt 0:00:00]} Nf6 {[%emt 0:03:45]} 2. e3 {[%emt 0:00:00]} d5 {[%emt 0:00:52]} 3. c4 {[%emt 0:00:04]} e6 {[%emt 0:00:05]} 4. b3 {[%emt 0:00:04]} Bd6 {[%emt 0:03:49]} 5. Bb2 {[%emt 0:00:13]} O-O {[%emt 0:01:31]} 6. Nc3 {[%emt 0:00:07]} a6 {[%emt 0:00:20]} 7. Be2 {[%emt 0:06:06]} b6 {[%emt 0:02:01]} 8. O-O {[%emt 0:07:15]} Bb7 {[%emt 0:00:34]} 9. d4 {[%emt 0:08:33]} Nbd7 {[%emt 0:00:19]} 10. Qc2 {[%emt 0:01:35]} Ne4 {[%emt 0:10:09]} 11. Bd3 {[%emt 0:07:43]} f5 {[%emt 0:01:28]} 12. Ne2 {[%emt 0:00:06]} Qe7 {[%emt 0:05:01]} 13. Ne5 {[%emt 0:09:52]} Rac8 {[%emt 0:18:24]} 14. Nxd7 {[%emt 0:10:13]} Qxd7 {[%emt 0:00:07]} 15. c5 {[%emt 0:02:16]} bxc5 {[%emt 0:06:34]} 16. Bxe4 {[%emt 0:00:30]} fxe4 {[%emt 0:00:29]} 17. dxc5 {[%emt 0:00:10]} Be7 {[%emt 0:00:11]} 18. Nd4 {[%emt 0:01:34]} Bf6 {[%emt 0:08:51]} 19. f4 {[%emt 0:04:05]} exf3 {[%emt 0:00:34]} 20. Nxf3 {[%emt 0:00:17]} d4 {[%emt 0:05:50]} 1/2-1/2

[Event "Vergani Le Terrazze-Elite 2019"]
[Site "Villorba"]
[Date "2019.01.05"]
[Round "8"]
[White "Ashwath, R.."]
[Black "Yankelevich, Lev"]
[Result "1/2-1/2"]
[WhiteElo "2314"]
[BlackElo "2448"]
[Annotator "TA"]
[PlyCount "42"]
[EventDate "2019.01.02"]
[EventType "swiss"]
[EventCountry "ITA"]
[SourceTitle "playchess.com"]
[Source "ChessBase"]
[SourceQuality "1"]

{[%evp 19,42,-2,0,0,14,0,14,12,24,0,22,23,31,27,40,0,0,0,0,0,0,0,0,0,0]} 1. d4 Nf6 2. c4 g6 3. Nc3 d5 4. e3 Bg7 5. cxd5 Nxd5 6. Nxd5 {D80: Grünfeld: Unusual White 4th moves and 4 Bg5} Qxd5 7. Ne2 O-O 8. Nc3 Qd8 (8... Qd6 9. Be2 c6 10. O-O e5 11. dxe5 Qxe5 12. e4 Nd7 13. Be3 {0-1 (36) Rakhmanov,A (2653)-Li,C (2732) Riadh 2017}) 9. Be2 c5 10. d5 e6 {LiveBook: 42 Games} 11. e4 {[%cal Be3e4,Be4d5][%mdl 32]} exd5 12. exd5 Nd7 $146 ({Predecessor:} 12... b6 13. Be3 {0-1 (35) Banusz,T (2617)-Abdumalik,Z (2443) Budapest 2018}) 13. Be3 b6 14. O-O Bb7 15. Qd2 Re8 16. Rad1 a6 17. a4 Qh4 {The position is equal.} 18. h3 Qb4 19. Qc2 Qh4 20. Qd2 Qb4 21. Qc2 Qh4 {Accuracy: White = 84%, Black = 56%.} 1/2-1/2

[Event "Vergani Le Terrazze-Elite 2019"]
[Site "Villorba"]
[Date "2019.01.05"]
[Round "8"]
[White "Pratyusha, Bodda"]
[Black "Ochsner, Bjorn Moller"]
[Result "0-1"]
[WhiteElo "2278"]
[BlackElo "2447"]
[Annotator "TA"]
[PlyCount "76"]
[EventDate "2019.01.02"]
[EventType "swiss"]
[EventCountry "ITA"]
[SourceTitle "playchess.com"]
[Source "ChessBase"]
[SourceQuality "1"]

{[%evp 15,76,23,19,10,22,12,19,16,20,22,22,17,18,13,18,20,23,0,0,0,0,0,0,0,0,-44,-14,-12,0,0,9,0,0,0,-14,-14,-13,-10,-6,-16,-16,-16,-16,-23,-17,-31,-18,-60,-59,-109,-12,-24,-31,-336,-341,-334,-332,-390,-376,-1426,-1029,-29989,-29990]} 1. d4 d5 2. c4 e6 3. Nc3 Bb4 4. cxd5 exd5 5. Bf4 c6 6. e3 {D31: Queen's Gambit Declined: Semi-Slav without ...Nf6 (+ Marshall Gambit and Noteboom) and Exchange Variation lines without ...Nf6} Ne7 7. Bd3 Bf5 8. Nge2 (8. Bxf5 Nxf5 9. Nge2 O-O 10. Qc2 Nh4 11. O-O-O Nd7 12. g4 Re8 13. Kb1 {1-0 (35) Dubov,D (2703)-Alekseev,E (2620) Sochi 2018}) 8... O-O {LiveBook: 4 Games} 9. a3 Bd6 10. O-O Re8 $146 ({Predecessor:} 10... a5 11. Bg5 Bxd3 12. Qxd3 h6 13. Bh4 {½-½ (37) Schekachikhin,M (2306)-Barsov,A (2455) Moscow 2015}) 11. b4 a6 12. Bxd6 Qxd6 13. Nf4 Nd7 14. Qc2 Bxd3 15. Nxd3 Nf6 16. Qe2 Nf5 17. Qf3 g6 18. Qf4 Qe7 19. Rfe1 Nd6 20. Ne5 Nh5 21. Qf3 f6 22. Nd3 Ne4 23. Na4 Ng7 {[%cal Bh5g7,Bg7f5,Bf5h4,Bh4g2][%mdl 32]} 24. Qd1 Qf7 25. Qc2 Re7 26. Nac5 Nd6 27. Nb3 Rae8 28. a4 Ngf5 29. Re2 Qg7 30. Rae1 Qh6 31. Nf4 Nh4 32. Kh1 {[#]} Ndf5 (32... g5 $1 $17 {[%cal Rg5f4]} 33. Nd3 Qg6) 33. b5 $1 $11 {[%cal Rb5c6]} g5 34. Nd3 $2 {[%mdl 8192] [#]} (34. Nh3 $1 $15) 34... Nxg2 $1 $19 {[%mdl 512]} 35. Rg1 (35. Kxg2 Nh4+ 36. Kg3 {[#]} Nf3 $1 $19 {[%mdl 512]}) 35... Ngh4 ({Less strong is} 35... axb5 36. Rxg2 bxa4 37. Nbc1 $15) 36. Ne1 Qh5 {Hoping for ...Nf3.} 37. f4 $2 (37. Qd1 axb5 38. axb5) 37... Nxe3 38. Qd3 Ng4 {Accuracy: White = 52%, Black = 67%.} 0-1